[Event "Reunion op 18th"]
[Site "St Denis"]
[Date "2016.10.13"]
[Round "5"]
[White "Riviere, Pierre"]
[Black "Laoussing, Mathis"]
[Result "0-1"]
[WhiteElo "1009"]
[BlackElo "1145"]
[PlyCount "46"]
[EventDate "2016.10.10"]
[EventType "swiss"]
[EventRounds "7"]
[EventCountry "RUF"]
[SourceTitle "CBM 175 Extra"]
[Source "ChessBase"]
[SourceDate "2016.12.12"]
[SourceVersion "1"]
[SourceVersionDate "2016.12.12"]
[SourceQuality "1"]

1. e4 e5 2. Nf3 Nc6 3. Nc3 Bc5 4. d4 exd4 5. Nxd4 Bxd4 6. Be2 Nf6 7. Bd3 0-0 8. g3 d6 9. f4 Bg4 10. Qd2 Qe7 11. a3 d5 12. Kf1 dxe4 13. Nxe4 Nxe4 14. Bxe4 Qxe4 15. Rg1 Bxg1 16. Kxg1 Rad8 17. Qf2 Rd1+ 18. Qf1 Qd4+ 19. Kg2 Rxf1 20. Kxf1 Qd1+ 21. Kf2 Qe2+ 22. Kg1 Bf3 23. Be3 Qg2# 0-1